Tratado de metafísica

Guardat en:
Dades bibliogràfiques
Autor principal: González Álvarez, Ángel (Autor)
Format: Llibre
Idioma:espanyol
Publicat: Madrid Gredos 1968
Edició:2a. ed
Matèries:
Etiquetes: Afegir etiqueta
Sense etiquetes, Sigues el primer a etiquetar aquest registre!

MARC

LEADER 00000nam a2200000 a 4500
001 UCM8652
003 CL-VaPUC
008 030321e19680000SP |||||||||||||||||spa|d
082 0 4 |a 110  |b GON  |2 21 
100 |a González Álvarez, Ángel  |e author  |9 474766 
245 1 0 |a Tratado de metafísica 
250 |a 2a. ed 
300 |a v 
942 |c BK 
945 |d 20030321 00:00:00  |a cmena 
260 |a Madrid  |b Gredos  |c 1968 
500 |a v.2: Teología natural 
650 0 |a Metafísica  |9 265649 
650 0 |a Teología   |9 258766 
583 |a last modification  |c 20030321 00:00:00  |k Rodrigo Vera 
999 |c 303110  |d 303108 
952 |0 0  |1 0  |4 0  |6 110_000000000000000_GON_1968  |7 0  |8 A  |9 364195  |a BIBEDU  |b BIBEDU  |d 2019-11-21  |h v.2  |i 2901048  |o 110 GON 1968  |p 2901048  |r 2019-11-21  |w 2019-11-21  |y BK  |k FIL